Quiz o państwach Europy - Statystyki

Ogólne statystyki
  • Ten quiz został rozwiązany 120 razy
  • Średni wynik to 20 z 45
Statystyki odpowiedzi
Pytanie Państwo % Poprawnych
Jedynym sąsiadem tego państwa jest Hiszpania Portugalia
99%
Jest najmniejszym państwem Watykan
96%
Zaledwie 3% terytorium tego państwa leży w części europejskiej Turcja
86%
Stolicą tego państwa jest Tallinn Estonia
80%
Narodowym symbolem tego państwa jest zielona trzylistna koniczyna Irlandia
79%
Jest najbardziej wysuniętym państwem na północ Norwegia
76%
Jest największą wyspą na kontynencie Wielka Brytania
75%
Jest najmłodszym powstałym państwem Kosowo
72%
Ponad połowę powierzchni tego kraju zajmują najwyższe góry w Europie Austria
69%
Kraj ten słynie z największej produkcji tulipanów na świecie Holandia
69%
W tym kraju znajduje się historyczny obóz koncentracyjny Auschwitz Polska
64%
Jest w całości otoczony przez Morze Śródziemne Malta
60%
Państwo to posiada swoje terytorium w Afryce Hiszpania
59%
W tym państwie znajduje się największe jezioro w Europie Rosja
58%
Kuchnia tego państwa słynie z najbardziej znanych i popularnych potraw Włochy
56%
Językiem urzędowym tego kraju jest język Kataloński Andora
55%
Ma jednocześnie dostęp do Morza Północnego i Śródziemnego Francja
54%
Na fladze tego państwa występuje ośmioramienne słońce Macedonia Północna
49%
Posiada największą ilość wysp Szwecja
46%
Znajduje się w nim starożytny zabytek Akropol Grecja
45%
Jest najludniejszym po Rosji państwem Europy Niemcy
44%
Państwo to posiada niespełna 20 km linii brzegowej Bośnia i Hercegowina
41%
Jest republiką w całości położoną na terytorium innego państwa San Marino
41%
Państwo sojuszu NATO, które nie posiada własnej armii Islandia
40%
Jest uważane za najbiedniejsze państwo Europy Mołdawia
36%
W tym kraju występuje język Flamandzki Belgia
33%
Południową granicą tego państwa jest granica z Austrią Czechy
32%
Drugim największym miastem tego państwa jest Maribor Słowenia
32%
Barwy flagi tego państwa nawiązują do Nieba jako symbolu pokoju oraz Zboża jako symbol bogactwa ziemi Ukraina
32%
Jest państwem podwójnie śródlądowym Liechtenstein
31%
Posiada największą gęstość zaludnienia Monako
31%
Posiada oficjalnie najstarszą flagę państwową Dania
29%
Religią dominującą w tym państwie jest Islam, który wyznaje 60% obywateli Albania
26%
Jest aktualnie najmłodszym członkiem Unii Europejskiej Chorwacja
25%
Przez stolicę tego państwa przepływa rzeka Dźwina Łotwa
24%
Największym miastem portowym tego państwa jest Kłajpeda Litwa
22%
Oficjalną walutą tego państwa jest Dinar Serbia
22%
Państwo, które jest największym księstwem Luksemburg
21%
Stolica tego państwa jest położona na granicy dwóch innych państw Słowacja
21%
Jest największym państwem pod względem powierzchni, którego liczba ludności nie przekracza 1 miliona mieszkańców Czarnogóra
19%
Na terytorium tego państwa znajduje się historyczna kraina zwana Siedmiogrodem Rumunia
19%
Państwo federacyjne, którego podstawową jednostką administracyjną są Kantony Szwajcaria
19%
Największe państwo śródlądowe, którego wszyscy sąsiedzi posiadają dostęp do morza Białoruś
16%
W tym kraju znajduje się Nizina Naddunajska Bułgaria
12%
W tym państwie znajduje się największe na świecie jezioro termiczne Węgry
11%
Nie znaleziono quizów pasujących do podanych kryteriów
Rozkład punktacji
Procent ludzi z każdym wynikiem
Percentyl według liczby udzielonych odpowiedzi
Twoja historia wyników
Nie rozwiązałeś tego quizu